00515nam a2200145Ia 4500008004100000100002000041245014300061245004400204260003500248260000900283300002500292500000900317650002300326650002000349170224s9999 xx 000 0 und d aXun (Sunny) Liu 2aA content analysis of research on China in top-ranked communication journals from 1995 to 2014: a comparison with other Asian countries  cXun (Sunny) Liu, Xuan Liang & Pei Zheng bAsian Journal of Communication c2016 a26:6, Pages: 605-625 a2016 xCommunication Arts xMultimedia Arts